| 000 | 00528nam a2200181Ia 4500 | ||
|---|---|---|---|
| 999 |
_c20388 _d20388 |
||
| 003 | OSt | ||
| 005 | 20200701122817.0 | ||
| 008 | 190216s9999||||xx |||||||||||||| ||und|| | ||
| 020 | _a0914576070 | ||
| 040 | _coclc | ||
| 082 |
_a909 _bPEN/W |
||
| 100 |
_aPendell, Elmer _93395 |
||
| 245 | 0 |
_aWhy Civilizations Self-Destruct / _cElmer Pendell |
|
| 260 |
_bHoward Allen Cape Canveral, _c1977. |
||
| 300 | _a196p | ||
| 650 | _aHistory Of Arabs-History Of Arabs | ||
| 942 |
_cBK _2ddc _h909 _iPEN/W _k909 _mPEN/W |
||